MARK TWAIN'S AUTOBIOGRAPHY WITH AN INTRODUCTION / (Record no. 617322)
[ view plain ]
| 000 -LEADER | |
|---|---|
| fixed length control field | 00418nam a22001457a 4500 |
| 020 ## - INTERNATIONAL STANDARD BOOK NUMBER | |
| Qualifying information | HB. |
| 040 ## - CATALOGING SOURCE | |
| Transcribing agency | FIZZA ISHAQ |
| 082 ## - DEWEY DECIMAL CLASSIFICATION NUMBER | |
| Classification number | 813.54 |
| Author Mark | ALB |
| 100 ## - MAIN ENTRY--PERSONAL NAME | |
| Personal name | PAINE,BIGELOW ALBERT. |
| 9 (RLIN) | 134345 |
| 245 ## - TITLE STATEMENT | |
| Title | MARK TWAIN'S AUTOBIOGRAPHY WITH AN INTRODUCTION / |
| Statement of responsibility, etc. | ALBERT BIGELOW PAINE. |
| 250 ## - EDITION STATEMENT | |
| Edition statement | VOLUME II |
| 260 ## - PUBLICATION, DISTRIBUTION, ETC. | |
| Place of publication, distribution, etc. | NEW YORK ; |
| Name of publisher, distributor, etc. | HARPER & BROTHERS PUBLISHER, |
| Date of publication, distribution, etc. | 1906. |
| 300 ## - PHYSICAL DESCRIPTION | |
| Extent | 365 P. ; |
| Dimensions | 9.9X6.6IN |
| 942 ## - ADDED ENTRY ELEMENTS (KOHA) | |
| Source of classification or shelving scheme | |
| Koha item type | Book |
| Withdrawn status | Lost status | Source of classification or shelving scheme | Damaged status | Not for loan | Permanent Location | Current Location | Shelving location | Date acquired | Total Checkouts | Full call number | Barcode | Date last seen | Price effective from | Koha item type |
|---|---|---|---|---|---|---|---|---|---|---|---|---|---|---|
| NUST Baluchistan Campus (NBC) | NUST Baluchistan Campus (NBC) | Reference | 05/06/2026 | 813.54 ALB | QD-908 | 05/06/2026 | 05/06/2026 | Book |
